Les équipes participants à la Coupe du Monde des Clubs 2025 - Statistiques

Statistiques générales
  • Ce quiz a été pris 80 fois
  • Le résultat moyen est 19 sur 32
Statistiques - réponses
Confédération Clubs % Correct
UEFA Paris Saint-Germain
94%
UEFA Real Madrid
92%
UEFA Manchester City
81%
UEFA Bayern Munich
80%
UEFA Chelsea FC
80%
UEFA Inter Milan
80%
UEFA Atletico Madrid
75%
UEFA Borussia Dortmund
75%
UEFA FC Porto
75%
CONCACAF Inter Miami CF
75%
UEFA Juventus FC
70%
CONMEBOL Botafogo FR
67%
AFC Al-Hilal FC
66%
CONMEBOL CR Flamengo
59%
UEFA Benfica Lisbonne
58%
CONCACAF Seattle Sounders
58%
CONMEBOL Fluminense FC
56%
CONMEBOL Boca Juniors
55%
CONCACAF Los Angeles FC
55%
CONMEBOL River Plate
55%
CONMEBOL SE Palmeiras
53%
UEFA RB Salzbourg
52%
CONCACAF CF Monterrey
47%
CAF Al Ahly SC
45%
OFC Auckland City
45%
AFC Al-Aïn FC
42%
CAF ES Tunis
42%
CAF Wydad AC
39%
CONCACAF CF Pachuca
36%
AFC Ulsan HD
33%
CAF Mamelodi Sundowns
27%
AFC Urawa Red Diamonds
23%
Aucun quiz correspondant
Distribution des résultats
% des personnes avec chaque résultat
Percentile par nombre de réponses
Votre historique - résultats
Vous n’avez pas pris ce quiz